00388nam a2200121Ia 4500008004100000245007700041260004500118260000900163300000800172500001100180650001300191856006200204170516s9999 xx 000 0 und d aPulsatile core-in-cup valsartan tablet formulations: In vitro evaluation bAsian Journal of Pharmaceutical Sciences c2013 a8:4 aAugust xPharmacy uhttp://www.sciencedirect.com/science/journal/18180876/8/4